[Event "Cazorla (m/6) 72/305"]
[Site "?"]
[Date "1998.??.??"]
[Round "?"]
[White "Shirov, Alexei"]
[Black "Kramnik, Vladimir"]
[Result "1/2-1/2"]
[WhiteElo "2710"]
[BlackElo "2790"]
[PlyCount "37"]
[EventDate "1998.??.??"]
[Source "ChessBase"]
[SourceDate "1998.02.01"]

1. e4 e5 2. Nf3 Nf6 3. Nc3 Nc6 4. Bb5 Nd4 5. Bc4 Bc5 6. Nxe5 d5 7. Bxd5 Nxd5 8. Nxd5 O-O 9. c3 Re8 10. cxd4 Bxd4 11. O-O Rxe5 12. d3 c6 13. Nf4 b6 14. Qc2 Rc5 15. Qe2 Ba6 16. Be3 Qd6 17. Rac1 Rxc1 18. Rxc1 Be5 19. g3 1/2-1/2

[Event "Camp. spagnolo a squadre - Gruppo I"]
[Site "Cala Mayor SPA"]
[Date "2008.09.07"]
[Round "5"]
[White "Vallejo Pons, F."]
[Black "Gelfand, B."]
[Result "1/2-1/2"]
[WhiteElo "2650"]
[BlackElo "2720"]
[PlyCount "39"]
[EventDate "2008.09.03"]
[Source "www.chesslib.no"]
[SourceDate "2004.05.04"]

1. e4 e5 2. Nf3 Nf6 3. Nc3 Nc6 4. Bb5 Nd4 5. Nxd4 exd4 6. e5 dxc3 7. exf6 Qxf6 8. dxc3 Bc5 9. Qe2+ Qe6 10. O-O Qxe2 11. Bxe2 O-O 12. Re1 d5 13. Bd3 Be6 14. Be3 Bxe3 15. Rxe3 Rfe8 16. Rae1 Bd7 17. Rxe8+ Rxe8 18. Rxe8+ Bxe8 19. c4 dxc4 20. Bxc4 1/2-1/2

[Event "Poikovsky RUS"]
[Site "?"]
[Date "2006.03.24"]
[Round "6"]
[White "Najer Evgeniy"]
[Black "Shirov Alexei"]
[Result "0-1"]
[WhiteElo "2652"]
[BlackElo "2709"]
[PlyCount "88"]
[EventDate "2006.??.??"]
[Source "www.chesslib.no"]
[SourceDate "2004.05.04"]

1. e4 e5 2. Nf3 Nf6 3. Nc3 Nc6 4. Bb5 Nd4 5. Bc4 Bc5 6. Nxe5 Qe7 7. Nf3 d5 8. Bxd5 Bg4 9. d3 Nd7 10. Be3 Ne5 11. Nxd4 Bxd1 12. Rxd1 Qf6 13. Nf5 Bxe3 14. Nxe3 O-O-O 15. O-O h5 16. Bb3 Ng4 17. h3 Qf4 18. g3 Qf6 19. Ncd5 Qh6 20. Nf5 Qh7 21. Kg2 Nh6 22. Nfe3 Rhe8 23. Rde1 Qg6 24. f4 Qd6 25. Nc4 Qc5 26. Nde3 g5 27. f5 h4 28. g4 b5 29. Nd2 Qe5 30. Rf3 Qxb2 31. Re2 c6 32. Nd1 Qa1 33. Rf1 a5 34. a4 bxa4 35. Bc4 a3 36. Nf3 Kc7 37. Ne3 Qb2 38. Bb3 a2 39. Ree1 Rxd3 40. Nc4 Qc3 41. cxd3 Qxb3 42. Rc1 Qxd3 43. Nxa5 Rxe4 44. Rxc6+ Kb8 0-1

[Event "Ashdod"]
[Site "?"]
[Date "2004.??.??"]
[Round "?"]
[White "Sutovsky, E."]
[Black "Kaidanov, G."]
[Result "1/2-1/2"]
[WhiteElo "2695"]
[BlackElo "2610"]
[PlyCount "93"]
[EventDate "2004.??.??"]
[Source "Chess Informant"]
[SourceDate "2004.10.01"]

1. e4 e5 2. Nf3 Nc6 3. Nc3 Nf6 4. Bb5 Bd6 5. d4 exd4 6. Nxd4 O-O 7. O-O Re8 8. Nf5 Be5 9. Nd5 Nxd5 10. exd5 Ne7 11. Bg5 f6 12. Nxe7+ Qxe7 13. Be3 a6 14. d6 Bxd6 15. Bc4+ Kh8 16. Re1 b5 17. Bd5 c6 18. Bc5 Qxe1+ 19. Qxe1 Rxe1+ 20. Rxe1 Bb7 21. Bxd6 cxd5 22. Re7 h5 23. Rxd7 Re8 24. Bb4 Bc6 25. Rd6 Rc8 26. f4 Kg8 27. f5 Kf7 28. Kf2 Rc7 29. Ba5 Rc8 30. Bb4 Rc7 31. Ba5 Rc8 32. c3 Ke8 33. b3 Bb7 34. Rb6 Rc7 35. Ke3 Re7+ 36. Kd4 Bc8 37. Kxd5 Bxf5 38. Rxa6 Re2 39. Bb4 Rxg2 40. h4 Rh2 41. Ra7 g5 42. Re7+ Kd8 43. hxg5 fxg5 44. Re5 Bd7 45. Be7+ Kc8 46. Kc5 Rc2 47. Kb6 1/2-1/2

[Event "It (Men) Cuernavaca MEX"]
[Site "?"]
[Date "2006.02.06"]
[Round "4"]
[White "Vallejo Pons Francisco"]
[Black "Dominguez Lenier"]
[Result "1/2-1/2"]
[WhiteElo "2650"]
[BlackElo "2638"]
[PlyCount "49"]
[EventDate "2006.??.??"]
[Source "www.chesslib.no"]
[SourceDate "2004.05.04"]

1. e4 e5 2. Nc3 Nf6 3. Nf3 Nc6 4. Bb5 Nd4 5. Bc4 Bc5 6. Nxe5 Qe7 7. Nf3 d5 8. Bxd5 Bg4 9. d3 O-O-O 10. Be3 Nxd5 11. Nxd5 Rxd5 12. exd5 Re8 13. c3 Nxf3+ 14. gxf3 Qh4 15. Kd2 Rxe3 16. fxe3 Qf2+ 17. Kc1 Bxf3 18. Qe1 Bxe3+ 19. Kb1 Bxh1 20. Qxh1 Qe2 21. a4 Qxd3+ 22. Ka2 Qc4+ 23. Kb1 Qd3+ 24. Ka2 Qc4+ 25. Kb1 1/2-1/2

[Event "Elista (ol) 73/360"]
[Site "?"]
[Date "1998.??.??"]
[Round "?"]
[White "Movsesian, Sergei"]
[Black "Illescas Cordoba, Miguel"]
[Result "0-1"]
[WhiteElo "2640"]
[BlackElo "2605"]
[PlyCount "88"]
[EventDate "1998.??.??"]
[Source "ChessBase"]
[SourceDate "1998.06.01"]

1. e4 e5 2. Nf3 Nc6 3. Bb5 Nf6 4. Nc3 Nd4 5. Ba4 Bc5 6. Nxe5 O-O 7. Nd3 Bb6 8. e5 Ne8 9. Nd5 d6 10. Ne3 dxe5 11. Nxe5 Qg5 12. N5c4 f5 13. f4 Qxf4 14. c3 Qh4+ 15. g3 Qh3 16. cxd4 f4 17. Rf1 fxe3 18. Rxf8+ Kxf8 19. Qf3+ Nf6 20. dxe3 Qxh2 21. Qf2 Qh1+ 22. Qf1 Qh2 23. Qf2 Qh5 24. Bb3 Be6 25. Nxb6 Bxb3 26. axb3 cxb6 27. Qg2 Qf7 28. g4 h6 29. Bd2 Kg8 30. Ke2 Re8 31. g5 hxg5 32. Rh1 g4 33. Qh2 Qxb3 34. Qh8+ Kf7 35. Qh4 Qb5+ 36. Ke1 Qxb2 37. Rf1 Qb1+ 38. Ke2 Qb5+ 39. Ke1 Re6 40. Qh1 Qb1+ 41. Ke2 Qb5+ 42. Ke1 Re7 43. d5 Qd3 44. Qh5+ Qg6 0-1

[Event "4th IECC"]
[Site "Istanbul"]
[Date "2003.06.03"]
[Round "5"]
[White "Movsesian, Sergei"]
[Black "Kharlov, Andrei"]
[Result "1/2-1/2"]
[WhiteElo "2659"]
[BlackElo "2581"]
[PlyCount "89"]
[EventDate "2003.05.30"]
[Source "Roberto Alvarez"]
[SourceDate "2003.06.23"]

1. e4 e5 2. Nf3 Nc6 3. Bb5 Nf6 4. Nc3 a6 5. Bxc6 dxc6 6. Nxe5 Nxe4 7. Nxe4 Qd4 8. O-O Qxe5 9. d4 Qf5 10. Ng3 Qd5 11. f4 Bd6 12. Qe2+ Qe6 13. Qf2 O-O 14. f5 Bxg3 15. hxg3 Qd5 16. f6 Re8 17. Bf4 Bg4 18. Be5 c5 19. Rae1 cxd4 20. Qf4 Bh5 21. Bxd4 g5 22. Qf2 Rxe1 23. Rxe1 h6 24. Re7 Rd8 25. c3 Qxa2 26. Rxc7 Qb1+ 27. Kh2 Qe4 28. Re7 Qc6 29. Qf5 Bg6 30. Qe5 Rc8 31. b3 b5 32. b4 Kh7 33. Kg1 Qc4 34. g4 Qb3 35. Kh2 Qc4 36. Qe3 Qc6 37. Qg3 Rd8 38. Qf3 Rd6 39. Kg3 Re6 40. Qxc6 Rxc6 41. Kf3 Kg8 42. Re8+ Kh7 43. Be5 Bd3 44. Bd4 Bc4 45. Re7 1/2-1/2

[Event "France"]
[Site "?"]
[Date "2000.??.??"]
[Round "10"]
[White "Arkell Keith C"]
[Black "Adams Michael"]
[Result "0-1"]
[WhiteElo "2481"]
[BlackElo "2755"]
[PlyCount "97"]
[EventDate "2000.??.??"]
[Source "www.chesslib.no"]
[SourceDate "2004.05.04"]

1. e4 e5 2. Nf3 Nc6 3. Bb5 Nf6 4. Nc3 Bc5 5. O-O O-O 6. d3 d6 7. h3 h6 8. Be3 Bb6 9. Bxc6 bxc6 10. d4 exd4 11. Nxd4 c5 12. Nde2 Re8 13. Ng3 Bb7 14. Re1 Nxe4 15. Ncxe4 Bxe4 16. Bxh6 Bg6 17. Rxe8+ Qxe8 18. Bf4 Qe6 19. Qf3 Re8 20. c3 c4 21. h4 Be4 22. Qh5 Qf6 23. Qg4 Bd3 24. Rd1 Qe6 25. Qxe6 Rxe6 26. Bd2 Rg6 27. Nf1 Be4 28. g3 d5 29. Be3 c5 30. Rd2 Bd3 31. Rd1 d4 32. Bd2 Ba5 33. cxd4 Bxd2 34. Nxd2 cxd4 35. Rc1 Rc6 36. Nf3 Rb6 37. b3 c3 38. Nxd4 c2 39. f3 Rd6 40. Nxc2 Rc6 41. Rd1 Bxc2 42. Rd8+ Kh7 43. Rd7 Rf6 44. Kg2 Ra6 45. Rxf7 Rxa2 46. Kh3 Bxb3 47. Re7 Bd5 48. g4 a5 49. h5 0-1

[Event "Reggio Emilia ITA, 48. Closed GM"]
[Site "?"]
[Date "2005.12.01"]
[Round "4"]
[White "Landa Konstantin"]
[Black "Kotronias Vasilios"]
[Result "1/2-1/2"]
[WhiteElo "2600"]
[BlackElo "2626"]
[PlyCount "25"]
[EventDate "2005.??.??"]
[Source "www.chesslib.no"]
[SourceDate "2004.05.04"]

1. e4 e5 2. Nf3 Nc6 3. Bb5 Nf6 4. Nc3 Nd4 5. Nxd4 exd4 6. e5 dxc3 7. exf6 Qxf6 8. dxc3 c6 9. Qe2+ Qe7 10. Bd3 Qxe2+ 11. Bxe2 d5 12. Be3 Be6 13. O-O-O 1/2-1/2

[Event "St Petersburg m"]
[Site "St Petersburg"]
[Date "1999.04.01"]
[Round "9"]
[White "Spassky, Boris V"]
[Black "Kortschnoj, Viktor"]
[Result "1/2-1/2"]
[WhiteElo "2549"]
[BlackElo "2673"]
[PlyCount "84"]
[EventDate "1999.03.??"]
[Source "www.chesslib.no"]
[SourceDate "2004.05.04"]

1. e4 e5 2. Nf3 Nc6 3. Bb5 Nf6 4. Nc3 Nd4 5. Ba4 c6 6. O-O Qa5 7. Bb3 Nxb3 8. cxb3 d6 9. h3 Be7 10. d4 O-O 11. a3 exd4 12. Nxd4 Qh5 13. Qxh5 Nxh5 14. Re1 Re8 15. g4 Nf6 16. Bf4 Be6 17. Rad1 d5 18. exd5 Nxd5 19. Nxe6 fxe6 20. Be5 Rad8 21. Ne4 Nf6 22. Nd6 Bxd6 23. Bxd6 Kf7 24. b4 a6 25. Be5 Rd5 26. Rc1 Red8 27. Kg2 Rd3 28. Rc4 Rd1 29. Rxd1 Rxd1 30. Rd4 Rxd4 31. Bxd4 Nd7 32. f4 g6 33. Kf3 Ke7 34. Ke4 Kd6 35. a4 b6 36. a5 bxa5 37. bxa5 Ke7 38. b4 Ke8 39. Bf2 Kf7 40. Kd4 Ke7 41. Bh4+ Ke8 42. Bg5 Kf8 1/2-1/2

[Event "6. EICC"]
[Site "?"]
[Date "2005.06.26"]
[Round "8"]
[White "Kornev Alexei"]
[Black "Nielsen Peter Heine"]
[Result "1-0"]
[WhiteElo "2565"]
[BlackElo "2653"]
[PlyCount "71"]
[EventDate "2005.??.??"]
[Source "www.chesslib.no"]
[SourceDate "2004.05.04"]

1. e4 e5 2. Nf3 Nf6 3. Nc3 Nc6 4. Bb5 Nd4 5. Ba4 Bc5 6. Nxe5 O-O 7. Nd3 Bb6 8. e5 Ne8 9. Nd5 c6 10. Ne3 d5 11. c3 Nf5 12. O-O f6 13. Bc2 Qe7 14. f4 Nxe3 15. dxe3 Bf5 16. a4 a5 17. b3 Qe6 18. Ba3 Rf7 19. Kh1 g6 20. Qe2 Ng7 21. exf6 Rxf6 22. Nc5 Qf7 23. e4 dxe4 24. Nxe4 Re6 25. Qf3 Bxe4 26. Bxe4 Rae8 27. Bd3 Re3 28. Bc4 Ne6 29. Qf2 Qc7 30. Rae1 Rxe1 31. Qxe1 Qf7 32. Qe4 Qf5 33. Qxf5 gxf5 34. Re1 Kf7 35. g4 Kf6 36. g5+ 1-0

[Event "BRD"]
[Site "?"]
[Date "1991.??.??"]
[Round "?"]
[White "Nunn, J."]
[Black "Christiansen, L."]
[Result "1-0"]
[WhiteElo "2610"]
[BlackElo "2600"]
[PlyCount "113"]
[EventDate "1991.??.??"]
[Source "ChessBase"]
[SourceDate "1991.10.01"]

1. e4 e5 2. Nf3 Nf6 3. Nc3 Nc6 4. Bb5 Nd4 5. Ba4 Bc5 6. Nxe5 O-O 7. Nd3 Bb6 8. e5 Ne8 9. Nd5 d6 10. Ne3 Qh4 11. O-O Be6 12. c3 Ne2+ 13. Kh1 Bxe3 14. dxe3 Nxc1 15. Rxc1 Rd8 16. Bb3 dxe5 17. Bxe6 fxe6 18. Qc2 Rf5 19. Rcd1 Nd6 20. Qb3 Re8 21. Nc5 Rxf2 22. Nxe6 Kh8 23. Rxf2 Qxf2 24. Nxc7 Rf8 25. h3 Nf5 26. Ne6 Nxe3 27. Qxb7 Rg8 28. Rg1 Qf6 29. Qf3 Qxe6 30. Qxe3 Qxa2 31. b4 Re8 32. Rd1 Qf7 33. Ra1 Re7 34. Qe4 h6 35. c4 Qf4 36. Qxf4 exf4 37. c5 Kg8 38. b5 Kf7 39. b6 axb6 40. cxb6 Kf6 41. Rb1 Rb7 42. Kg1 g5 43. Kf2 Ke7 44. Kf3 Kd8 45. Kg4 Kc8 46. Rc1+ Kb8 47. Rc6 Rd7 48. Rxh6 Rd2 49. Kxg5 Rxg2+ 50. Kxf4 Rf2+ 51. Kg3 Rb2 52. Rf6 Rb3+ 53. Kg4 Rb4+ 54. Kg5 Rb5+ 55. Rf5 Rxb6 56. h4 Kc7 57. h5 1-0

[Event "ISR Ch"]
[Site "Tel Aviv ISR"]
[Date "1994.??.??"]
[Round "8"]
[White "Yudasin, Leonid G"]
[Black "Huzman, Alexander"]
[Result "1/2-1/2"]
[WhiteElo "2625"]
[BlackElo "2575"]
[PlyCount "41"]
[EventDate "1994.10.??"]
[Source "www.chesslib.no"]
[SourceDate "2004.05.04"]

1. e4 e5 2. Nf3 Nf6 3. Nc3 Nc6 4. Bb5 Nd4 5. Ba4 Nxf3+ 6. Qxf3 Bb4 7. Ne2 O-O 8. c3 Ba5 9. h3 d5 10. d3 dxe4 11. dxe4 Ne8 12. Qh5 Qe7 13. Ng3 Nd6 14. O-O Bb6 15. Kh2 g6 16. Qh6 f6 17. Bb3+ Be6 18. Qd2 Rad8 19. Qc2 Rfe8 20. Re1 c6 21. Nf1 1/2-1/2

[Event "EuTCh"]
[Site "Plovdiv"]
[Date "2003.10.19"]
[Round "8"]
[White "Bauer, Christian"]
[Black "Pavasovic, Dusko"]
[Result "1/2-1/2"]
[WhiteElo "2602"]
[BlackElo "2586"]
[PlyCount "99"]
[EventDate "2003.10.10"]
[Source "Roberto Alvarez"]
[SourceDate "2003.10.20"]

1. e4 e5 2. Nf3 Nf6 3. Nc3 Nc6 4. Bb5 Nd4 5. Ba4 c6 6. Nxe5 d5 7. d3 Bd6 8. f4 O-O 9. O-O b5 10. Bb3 b4 11. Na4 Nxb3 12. axb3 dxe4 13. d4 Qc7 14. Qe2 a5 15. c4 bxc3 16. bxc3 Rb8 17. Rb1 c5 18. dxc5 Bxc5+ 19. Nxc5 Qxc5+ 20. Be3 Qc7 21. Bd4 Be6 22. c4 Rfd8 23. Qe3 Rb7 24. h3 Qd6 25. Bc3 Qa3 26. f5 Bc8 27. Rfd1 Re8 28. Ng4 Nxg4 29. hxg4 Rxb3 30. Rxb3 Qxb3 31. Qd4 f6 32. g5 Rf8 33. Qd5+ Kh8 34. Qd6 Kg8 35. Rc1 Qxc4 36. gxf6 gxf6 37. Qg3+ Kf7 38. Bb2 Qd5 39. Rc7+ Bd7 40. Qc3 Qd1+ 41. Kf2 e3+ 42. Qxe3 Re8 43. Rc1 Qd5 44. Qh6 Qxf5+ 45. Kg1 Re6 46. Ba3 Re8 47. Rf1 Qg6 48. Qd2 Bc6 49. Bb2 Re6 50. Bc3 1/2-1/2

[Event "Villa Martelli 72/(305)"]
[Site "?"]
[Date "1997.??.??"]
[Round "?"]
[White "Spangenberg, Hugo"]
[Black "Tkachiev, Vladislav"]
[Result "0-1"]
[WhiteElo "2565"]
[BlackElo "2615"]
[PlyCount "24"]
[EventDate "1998.??.??"]
[Source "ChessBase"]
[SourceDate "1998.02.01"]

1. e4 e5 2. Nf3 Nf6 3. Nc3 Nc6 4. Bb5 Nd4 5. Bc4 Bc5 6. Nxe5 d5 7. Nxd5 Nxd5 8. Qh5 g6 9. Nxg6 Nxc2+ 10. Kf1 Qf6 11. f3 hxg6 12. Qxd5 Rh5 0-1

[Event "Tch (Men) 2005/2006 FRA"]
[Site "?"]
[Date "2006.03.30"]
[Round "4"]
[White "Conquest Stuart"]
[Black "Naiditsch Arkadij"]
[Result "1/2-1/2"]
[WhiteElo "2522"]
[BlackElo "2657"]
[PlyCount "91"]
[EventDate "2006.??.??"]
[Source "www.chesslib.no"]
[SourceDate "2004.05.04"]

1. e4 e5 2. Nf3 Nc6 3. Nc3 Nf6 4. Bb5 Bd6 5. O-O O-O 6. Re1 Re8 7. h3 Nd4 8. Bc4 c6 9. a3 Bc7 10. d3 b5 11. Ba2 Bb7 12. Bg5 h6 13. Bh4 Bb6 14. Nh2 g5 15. Bg3 d6 16. Kh1 Ne6 17. Qd2 a5 18. Nd1 Nf4 19. Ne3 Bc8 20. Rad1 Kg7 21. Qc1 Be6 22. Bxe6 fxe6 23. c3 h5 24. f3 c5 25. a4 c4 26. dxc4 bxa4 27. Qc2 Qd7 28. Bf2 Qc6 29. Ra1 Rab8 30. Red1 Bc5 31. Rd2 Rb3 32. Nd1 Reb8 33. Bxc5 Qxc5 34. Rxa4 h4 35. Nf1 N6h5 36. Kh2 Ng3 37. Nfe3 Qc7 38. Ra2 R8b7 39. Nf2 Qb8 40. Nfg4 Qc7 41. Qd1 R3b6 42. Kg1 Kf8 43. Kh2 Kg7 44. Nf2 Qc5 45. Nfg4 Qc7 46. Nf2 1/2-1/2

[Event "Campionato europeo 2007"]
[Site "Dresda GER"]
[Date "2007.04.07"]
[Round "5.27"]
[White "Najer, Evgeniy"]
[Black "Mastrovasilis, Dimitrios"]
[Result "1-0"]
[WhiteElo "2624"]
[BlackElo "2546"]
[PlyCount "70"]
[EventDate "2007.04.03"]
[Source "www.chesslib.no"]
[SourceDate "2004.05.04"]

1. e4 e5 2. Nf3 Nc6 3. Bb5 Nf6 4. Nc3 Nd4 5. Bc4 d6 6. Ng5 d5 7. exd5 h6 8. Nf3 Bg4 9. Be2 Nxe2 10. Qxe2 Bd6 11. h3 Bh5 12. d3 O-O 13. g4 Bg6 14. g5 Nh5 15. Ne4 f5 16. gxf6 Bxe4 17. Qxe4 Qxf6 18. Ke2 Bc5 19. Rg1 Rae8 20. Rg6 Qf5 21. Be3 Bxe3 22. fxe3 Qxh3 23. Rag1 Re7 24. Rxh6 Ng3+ 25. Rxg3 Qxg3 26. Qh7+ Kf7 27. e4 Qg4 28. Rh2 Qg6 29. Nxe5+ Rxe5 30. Rf2+ Qf6 31. Rxf6+ Kxf6 32. Qh2 Rfe8 33. c4 g6 34. c5 b6 35. b4 bxc5 1-0

[Event "Nederland (ch) 85/304"]
[Site "?"]
[Date "2002.??.??"]
[Round "?"]
[White "Jonkman, H."]
[Black "Sokolov, I."]
[Result "0-1"]
[WhiteElo "2520"]
[BlackElo "2647"]
[PlyCount "110"]
[EventDate "2002.??.??"]
[Source "Chess Informant"]
[SourceDate "2002.06.01"]

1. e4 e5 2. Nf3 Nc6 3. Nc3 Nf6 4. Bb5 Bd6 5. d3 a6 6. Ba4 h6 7. h3 b5 8. Bb3 Bb7 9. a3 Bc5 10. O-O O-O 11. Nd5 Nd4 12. Nxd4 Bxd4 13. c3 Ba7 14. Nxf6+ Qxf6 15. Kh1 c5 16. f4 exf4 17. Bxf4 Qg6 18. Qd2 c4 19. dxc4 Bxe4 20. cxb5 Qf5 21. Kh2 Qxb5 22. Ba2 d5 23. Rad1 Rad8 24. b4 Rfe8 25. Rfe1 Bb6 26. Be3 Bc7+ 27. Bf4 Qc6 28. Bxc7 Qxc7+ 29. Kg1 Qg3 30. Re3 Qg6 31. Qf2 f5 32. Re2 Kh7 33. Red2 Rc8 34. Rc1 Red8 35. c4 dxc4 36. Bxc4 Bxg2 37. Qxg2 Rxd2 38. Qxg6+ Kxg6 39. Bf7+ Kxf7 40. Rxc8 Rd3 41. Rc7+ Kg8 42. a4 Rxh3 43. a5 Rb3 44. Rc4 Kh7 45. Kf2 g5 46. Ke2 f4 47. Kd2 f3 48. Rc7+ Kg6 49. Rc6+ Kh5 50. Rxa6 g4 51. Rb6 g3 52. a6 g2 53. Rb5+ Kh4 54. a7 g1=Q 55. a8=Q Qe3+ 0-1

[Event "Campionato europeo 2007"]
[Site "Dresda GER"]
[Date "2007.04.04"]
[Round "2"]
[White "Shanava, Konstantine"]
[Black "Khenkin, Igor"]
[Result "0-1"]
[WhiteElo "2532"]
[BlackElo "2629"]
[PlyCount "122"]
[EventDate "2007.04.03"]
[Source "www.chesslib.no"]
[SourceDate "2004.05.04"]

1. e4 e5 2. Nf3 Nf6 3. Nc3 Nc6 4. Bb5 Nd4 5. Ba4 c6 6. Nxe5 d5 7. d3 Bd6 8. Nf3 Bg4 9. Be3 dxe4 10. Nxe4 Nxe4 11. Bxd4 Qa5+ 12. c3 Ng5 13. Be3 Bxf3 14. gxf3 Qf5 15. Bxg5 Qxg5 16. Kf1 Qh4 17. h3 O-O 18. f4 Bxf4 19. Qg4 Qh6 20. Re1 Rad8 21. Bb3 Bc1 22. Re7 Bxb2 23. Rxb7 Bxc3 24. Rxa7 Qf6 25. Ra4 Bd4 26. Qg3 Rfe8 27. Kg2 Re5 28. h4 Rf5 29. Rf1 Rf4 30. Ra5 Rxh4 31. Rg5 Rf4 32. Rg4 Rf5 33. Re4 Rg5 34. Rg4 Rf5 35. Re4 Rg5 36. Rg4 Be5 37. f4 Rxg4 38. Qxg4 Bc7 39. Qg5 Qxg5+ 40. fxg5 Rd7 41. Bc4 Bd8 42. Rf5 g6 43. Rc5 Bb6 44. Re5 Kf8 45. Kf3 Re7 46. Rxe7 Kxe7 47. Bb3 Bd4 48. Ba4 c5 49. Bb3 Bc3 50. a4 Bd2 51. Bc4 f6 52. gxf6+ Kxf6 53. Bb5 Kg5 54. Bc6 Kh4 55. Be4 Bc3 56. Ke3 Kg3 57. Ke2 Kf4 58. Kf2 c4 59. Ke2 Ba5 60. Kd1 Ke3 61. Kc2 Bb4 0-1

[Event "Moscow Aeroflot op"]
[Site "Moscow"]
[Date "2002.02.07"]
[Round "4"]
[White "Yemelin, Vasily"]
[Black "Kharlov, Andrei"]
[Result "1-0"]
[WhiteElo "2522"]
[BlackElo "2638"]
[PlyCount "77"]
[EventDate "2002.02.04"]
[Source "ChessBase"]
[SourceDate "2002.03.21"]

1. e4 e5 2. Nf3 Nc6 3. Bb5 Nf6 4. Nc3 Bd6 5. d3 h6 6. h3 O-O 7. g4 Re8 8. g5 hxg5 9. Bxg5 Nd4 10. Nd5 Be7 11. Nxe7+ Qxe7 12. Nxd4 exd4 13. Rg1 c6 14. Qf3 Qb4+ 15. Kd1 Qxb2 16. Bc1 Qxb5 17. Qxf6 Qh5+ 18. f3 g6 19. Rg5 Qh7 20. Qxd4 Qg7 21. Bb2 Qxd4 22. Bxd4 d6 23. h4 Kf8 24. Kd2 Ke7 25. f4 c5 26. Bb2 Kd7 27. f5 gxf5 28. h5 fxe4 29. h6 Kc6 30. h7 e3+ 31. Ke2 f6 32. Bxf6 Be6 33. Rh1 Rh8 34. Bxh8 Rxh8 35. Kxe3 b5 36. a3 a5 37. Rh6 a4 38. Rxe6 Rxh7 39. Rgg6 1-0

[Event "Vidmar mem 15th"]
[Site "Terme Zrece"]
[Date "2003.08.26"]
[Round "9"]
[White "Mitkov, Nikola"]
[Black "Pavasovic, Dusko"]
[Result "1/2-1/2"]
[WhiteElo "2552"]
[BlackElo "2596"]
[PlyCount "78"]
[EventDate "2003.08.17"]
[Source "ChessBase"]
[SourceDate "2003.11.11"]

1. e4 e5 2. Nf3 Nc6 3. Nc3 Nf6 4. Bb5 Bd6 5. O-O O-O 6. d3 a6 7. Bxc6 dxc6 8. h3 h6 9. Ne2 c5 10. Ng3 Re8 11. b3 Be6 12. Bb2 Nd7 13. Re1 b5 14. Qe2 Rb8 15. Rad1 a5 16. Nh2 a4 17. Ng4 Ra8 18. Ra1 Kh7 19. Nf5 Bf8 20. Nfe3 f6 21. Rf1 Bd6 22. Nf5 Bxf5 23. exf5 Nb6 24. Qe4 Qd7 25. Ne3 Ra6 26. g4 Be7 27. Rfe1 Kg8 28. Rab1 Raa8 29. Bc3 c6 30. Bd2 axb3 31. axb3 Ra2 32. Rbc1 Rd8 33. Nd1 Nd5 34. Nc3 Ra7 35. Qe2 Nxc3 36. Bxc3 Qd5 37. Ra1 Rda8 38. Rxa7 Rxa7 39. Ra1 Rxa1+ 1/2-1/2

[Event "20th Open"]
[Site "Cappelle la Grande"]
[Date "2004.03.06"]
[Round "9"]
[White "Grigoriants, Sergey"]
[Black "Kharlov, Andrei"]
[Result "1-0"]
[WhiteElo "2532"]
[BlackElo "2607"]
[PlyCount "91"]
[EventDate "2004.02.28"]
[Source "Roberto Alvarez"]
[SourceDate "2004.03.08"]

1. e4 e5 2. Nf3 Nc6 3. Bb5 Nf6 4. Nc3 a6 5. Bxc6 dxc6 6. Nxe5 Nxe4 7. Nxe4 Qd4 8. O-O Qxe5 9. Re1 Be6 10. d3 Qf5 11. Ng5 Bc5 12. Kh1 O-O 13. Nxe6 fxe6 14. f3 Bd6 15. Qe2 Qh5 16. h3 Bg3 17. Rf1 Rf5 18. Be3 Raf8 19. a4 R8f6 20. Qd2 Qh4 21. b3 Rg6 22. a5 Be5 23. d4 Bd6 24. c4 Rh5 25. Bg1 Rhg5 26. Rf2 Bb4 27. Qe3 Bxa5 28. Bh2 Rh5 29. g4 Bc3 30. Raf1 Rhh6 31. Qxc3 Qxh3 32. Qe3 Rh4 33. Qe5 Rf6 34. Qxc7 h5 35. gxh5 Rxh5 36. Rg1 Rf7 37. Qb8+ Kh7 38. Qg3 Qxg3 39. Rxg3 Rh4 40. Rd2 Rff4 41. Kg2 Rxd4 42. Rxd4 Rxd4 43. Rxg7+ Kxg7 44. Be5+ Kg6 45. Bxd4 Kf5 46. Bb6 1-0

[Event "BL2-Nord 0102"]
[Site "?"]
[Date "2001.10.07"]
[Round "1.1"]
[White "Almasi Zoltan"]
[Black "Rabiega Robert"]
[Result "1-0"]
[WhiteElo "2630"]
[BlackElo "2499"]
[PlyCount "61"]
[EventDate "2001.??.??"]
[Source "www.chesslib.no"]
[SourceDate "2004.05.04"]

1. e4 e5 2. Nf3 Nf6 3. Nc3 Nc6 4. Bb5 Nd4 5. Ba4 c6 6. O-O Qa5 7. Re1 d6 8. h3 Be7 9. a3 O-O 10. d3 b5 11. Bb3 Nxb3 12. cxb3 c5 13. Bd2 Qb6 14. b4 cxb4 15. axb4 a6 16. Bg5 h6 17. Bxf6 Bxf6 18. Nd5 Qd8 19. d4 exd4 20. Nxd4 Bb7 21. Nxf6+ Qxf6 22. Ra3 g6 23. Rf3 Qe5 24. Qd2 d5 25. Nf5 gxf5 26. Qxh6 f4 27. Rxf4 f5 28. Re3 Rf6 29. Rg3+ Kf7 30. Qh7+ Ke6 31. Rxf5 1-0

[Event "Athens"]
[Site "?"]
[Date "2006.08.21"]
[Round "9"]
[White "Rozentalis Eduardas"]
[Black "Mastrovasilis Athanasios"]
[Result "1/2-1/2"]
[WhiteElo "2605"]
[BlackElo "2521"]
[PlyCount "90"]
[EventDate "2006.??.??"]
[Source "www.chesslib.no"]
[SourceDate "2004.05.04"]

1. e4 e5 2. Nf3 Nc6 3. Nc3 Nf6 4. Bb5 Bd6 5. d3 O-O 6. Bg5 h6 7. Bh4 a6 8. Bxc6 dxc6 9. h3 Re8 10. g4 Be7 11. Bg3 Bd6 12. Nh4 Nh7 13. Nf5 Bb4 14. h4 f6 15. a3 Bxc3+ 16. bxc3 c5 17. f3 Be6 18. Qe2 Qd7 19. Ne3 Rad8 20. O-O Nf8 21. a4 b5 22. axb5 axb5 23. Ra7 Ra8 24. Rxa8 Rxa8 25. f4 exf4 26. Bxf4 Ng6 27. Bg3 b4 28. g5 hxg5 29. hxg5 fxg5 30. Qh5 Nf4 31. Bxf4 gxf4 32. Rxf4 b3 33. cxb3 Qxd3 34. Qxc5 Bxb3 35. c4 Qd6 36. Qd5+ Qxd5 37. cxd5 Rf8 38. Rg4 Rf6 39. e5 Rf3 40. Re4 g5 41. e6 Kf8 42. Kg2 g4 43. Re5 Ke7 44. Nxg4 Rd3 45. Ne3 Rxe3 1/2-1/2

[Event "6. EICC"]
[Site "?"]
[Date "2005.07.01"]
[Round "13"]
[White "Pelletier Yannick"]
[Black "Bartel Mateusz"]
[Result "1-0"]
[WhiteElo "2610"]
[BlackElo "2511"]
[PlyCount "152"]
[EventDate "2005.??.??"]
[Source "www.chesslib.no"]
[SourceDate "2004.05.04"]

1. e4 e5 2. Nf3 Nc6 3. Bb5 Nf6 4. Nc3 Bd6 5. d3 h6 6. Ne2 O-O 7. c3 Re8 8. O-O Ne7 9. Ng3 c6 10. Ba4 Ng6 11. h3 Bc7 12. c4 a6 13. c5 d5 14. cxd6 Qxd6 15. Qc2 Rd8 16. Rd1 Bb6 17. Be3 Bxe3 18. fxe3 c5 19. Rac1 b6 20. Qc3 Be6 21. a3 Rac8 22. Qe1 b5 23. Bc2 Qb6 24. Kh1 Rc7 25. Nf5 Rcd7 26. N5h4 Nxh4 27. Qxh4 Qb8 28. Qg3 c4 29. d4 exd4 30. Qxb8 Rxb8 31. exd4 Rdd8 32. d5 Bc8 33. Rd4 Nd7 34. b3 Nb6 35. bxc4 Nxc4 36. Bb3 Nxa3 37. Ne5 Re8 38. Nc6 Ra8 39. d6 Bd7 40. Ne7+ Kf8 41. Rc7 Red8 42. Bd5 Rab8 43. e5 Nc4 44. Bxc4 bxc4 45. Rdxc4 Be6 46. Ra4 Ra8 47. Ra5 g5 48. g4 Rdb8 49. Nc6 Rc8 50. Rxc8+ Rxc8 51. Nd4 Rc1+ 52. Kg2 Bc8 53. Kf2 Rc3 54. Nf5 Rxh3 55. Rc5 Be6 56. Rc6 Rd3 57. Rxa6 Kg8 58. Ke2 Rb3 59. Ra7 Kh7 60. Nd4 Bc4+ 61. Kf2 Rd3 62. Nc6 Be6 63. Nd8 Bxg4 64. Nxf7 Rd5 65. Kg3 h5 66. Nxg5+ Kg6 67. Kf4 Rd4+ 68. Ke3 Rd5 69. Kf4 Rd4+ 70. Ke3 Rd5 71. Ke4 Rd1 72. Nf3 Rf1 73. Nd4 h4 74. d7 Rf8 75. e6 Kf6 76. Nc6 h3 1-0

[Event "GMC"]
[Site "Wijk aan Zee"]
[Date "2004.01.19"]
[Round "8"]
[White "Smeets, Jan"]
[Black "Pavasovic, Dusko"]
[Result "1-0"]
[WhiteElo "2505"]
[BlackElo "2615"]
[PlyCount "53"]
[EventDate "2004.01.10"]
[Source "Roberto Alvarez"]
[SourceDate "2004.01.26"]

1. e4 e5 2. Nf3 Nc6 3. Nc3 Nf6 4. Bb5 Bd6 5. a3 O-O 6. d3 h6 7. g4 Be7 8. Bxc6 dxc6 9. h3 Qd6 10. Nh4 Nd5 11. Nf5 Bxf5 12. gxf5 Nxc3 13. bxc3 b5 14. Be3 a5 15. a4 Kh7 16. Qh5 b4 17. cxb4 axb4 18. Ke2 Rad8 19. Rhg1 Bf6 20. Kf3 b3 21. cxb3 Qxd3 22. a5 Qxb3 23. a6 c5 24. a7 Ra8 25. Ra6 Bg5 26. Rxg5 g6 27. Qh4 1-0